Guess The Country by it's Neighbours - Statistics

General Stats
  • This quiz has been taken 38 times
  • The average score is 12 of 15
Answer Stats
Hint Answer % Correct
Belize, Guatemala & United States Mexico
100%
Cameroon, Central African Republic, Libya, Niger & Nigeria Chad
90%
East Timor, Malaysia & Papua New Guinea Indonesia
87%
Belgium, France & Germany Luxembourg
87%
Argentina, Brazil, Chile & Paraguay Bolivia
81%
Guatemala & Honduras El Salvador
81%
Norway, Russia & Sweden Finland
81%
Bangladesh, Bhutan, China, Myanmar, Nepal & Pakistan India
81%
Albania, Bosnia & Herzegovina, Croatia, Kosovo & Serbia Montenegro
81%
Afghanistan, Iran, Kazakhstan & Uzbekistan Turkmenistan
81%
Austria, France, Germany, Italy and Liechtenstein Switzerland
77%
Oman & Saudi Arabia United Arab Emirates
77%
Benin, Ghana, Ivory Coast, Mali, Niger, Nigeria & Togo Burkina Faso
65%
Democratic Republic of the Congo, Namibia & Zambia Angola
58%
Mozambique, Tanzania & Zambia Malawi
58%
No matching quizzes found
Score Distribution
Percent of People with Each Score
Percentile by Number Answered
Your Score History
You have not taken this quiz